| 000 | 00507nam a22001817a 4500 | ||
|---|---|---|---|
| 003 | CDMR | ||
| 005 | 20151104100601.0 | ||
| 008 | 140416s2013 us |||||||||||||| 0 spa|d | ||
| 020 | _a978-8461680610 | ||
| 040 |
_bcat _cCDMR |
||
| 100 |
_94561 _aCampo, Carlos J. |
||
| 245 | 1 | 0 |
_aHTML5 para periodistas _b: Manual de uso práctico _cCarlos J. Campo |
| 260 |
_bEstrategia del Contenido _c2014 |
||
| 300 |
_a386 p. _c21 cm |
||
| 504 | _aBibliografia. Índex | ||
| 650 | 4 |
_93076 _aPeriodisme digital |
|
| 942 | _cMON | ||
| 999 |
_c6731 _d6731 |
||